Проектирование волоконно-оптического гироскопа для космического применения; Инженерия для освоения космоса

Podrobná bibliografie
Parent link:Инженерия для освоения космоса.— 2018.— [С. 16-18]
Hlavní autor: Татарников Е. В.
Korporativní autor: Национальный исследовательский Томский политехнический университет Инженерная школа неразрушающего контроля и безопасности Отделение электронной инженерии
Další autoři: Гормаков А. Н. Анатолий Николаевич (научный руководитель)
Shrnutí:Заглавие с экрана
Волоконно-оптические гироскопы (ВОГ) нашли широкое применение в системах управления движением и навигацией летательных аппаратов. Потенциальная точность ВОГ высока и соизмерима с точностью гироскопов на воздушном подвесе. Однако при изготовлении волоконных гироскопов возникает огромное количество внешних и внутренних факторов, вносящих дополнительные погрешности. В данной статье автор делает обзор вредных эффектов и описывает процесс проектирования ВОГ.
Fiber optic gyroscopes (FOG) have found wide application in the systems of movement control and aerospace navigation. FOG has quite high potential accuracy that is comparable with the accuracy of gyroscopes on air suspension. However, in the manufacture of fiber gyroscopes there are huge number of external and internal factors that make additional errors. In this article, the author makes an overview of the harmful effects and describes the process of FOG designing.
Jazyk:ruština
Vydáno: 2018
Edice:Проектирование и производство летательных аппаратов
Témata:
On-line přístup:http://earchive.tpu.ru/handle/11683/49623
Médium: MixedMaterials Elektronický zdroj Kapitola
KOHA link:https://koha.lib.tpu.ru/cgi-bin/koha/opac-detail.pl?biblionumber=627160

MARC

LEADER 00000naa2a2200000 4500
001 627160
005 20231101133440.0
035 |a (RuTPU)RU\TPU\conf\26870 
035 |a RU\TPU\conf\26869 
090 |a 627160 
100 |a 20180817d2018 k y0rusy50 ca 
101 0 |a rus  |d eng 
102 |a RU 
105 |a y z 101zy 
135 |a drgn ---uucaa 
181 0 |a i  
182 0 |a b 
200 1 |a Проектирование волоконно-оптического гироскопа для космического применения  |d Designing of fiber optic gyroscope for space application  |f Е. В. Татарников  |g науч. рук. А. Н. Гормаков 
203 |a Текст  |c электронный 
225 1 |a Проектирование и производство летательных аппаратов 
230 |a 1 компьютерный файл (pdf; 288 Kb) 
300 |a Заглавие с экрана 
320 |a [Библиогр.: с. 18 (6 назв.)] 
330 |a Волоконно-оптические гироскопы (ВОГ) нашли широкое применение в системах управления движением и навигацией летательных аппаратов. Потенциальная точность ВОГ высока и соизмерима с точностью гироскопов на воздушном подвесе. Однако при изготовлении волоконных гироскопов возникает огромное количество внешних и внутренних факторов, вносящих дополнительные погрешности. В данной статье автор делает обзор вредных эффектов и описывает процесс проектирования ВОГ. 
330 |a Fiber optic gyroscopes (FOG) have found wide application in the systems of movement control and aerospace navigation. FOG has quite high potential accuracy that is comparable with the accuracy of gyroscopes on air suspension. However, in the manufacture of fiber gyroscopes there are huge number of external and internal factors that make additional errors. In this article, the author makes an overview of the harmful effects and describes the process of FOG designing. 
463 0 |0 (RuTPU)RU\TPU\conf\26347  |t Инженерия для освоения космоса  |o сборник научных трудов VI Международного молодежного форума, г. Томск, 26-28 апреля 2018 г.  |f Национальный исследовательский Томский политехнический университет (ТПУ) ; под ред. П. Ф. Баранова [и др.]  |v [С. 16-18]  |d 2018 
510 1 |a Designing of fiber optic gyroscope for space application  |z eng 
610 1 |a электронный ресурс 
610 1 |a труды учёных ТПУ 
610 1 |a проектирование 
610 1 |a волоконно-оптические гироскопы 
610 1 |a навигация 
610 1 |a летательные аппараты 
610 1 |a гироскопы 
610 1 |a вредные эффекты 
610 1 |a погрешности 
700 1 |a Татарников  |b Е. В. 
702 1 |a Гормаков  |b А. Н.  |c специалист в области приборостроения  |c доцент Томского политехнического университета, кандидат технических наук  |f 1949-  |g Анатолий Николаевич  |2 stltpush  |4 727 
712 0 2 |a Национальный исследовательский Томский политехнический университет  |b Инженерная школа неразрушающего контроля и безопасности  |b Отделение электронной инженерии  |h 7977  |2 stltpush  |3 (RuTPU)RU\TPU\col\23507 
801 2 |a RU  |b 63413507  |c 20180820  |g RCR 
856 4 |u http://earchive.tpu.ru/handle/11683/49623 
942 |c BK